000 00598nam a22001937a 4500
005 20240319171312.0
010 _aENG-139780
020 _a9789354420726
_c695.00
035 _aEN-123312
037 _bDBAD/PUB
082 _a954.840086918
_21
100 _aBhukya, Bhangya
_963578
245 _aSubjugated Nomads/
_cBy Bhangya Bhukya
250 _a1
260 _aHyderabad
_bOrient Blackswan Private Ltd
_c2022
270 _a3-6-752, Himayatnagar
_bHyderabad
_e500029
_minfo@orintblackswan.com
300 _axxiii,296p.
_c22cm(pbk)
942 _2ddc
_cEN
_h954.840086918
_mBHU
_e1
999 _c201599
_d201599